[Event "27th Hoogeveen Open 2024"]
[Site "Hoogeveen NED"]
[Date "2024.10.30"]
[Round "6.1"]
[White "Karthikeyan, Murali"]
[Black "Zwirs, Nico"]
[Result "1-0"]
[WhiteTitle "GM"]
[BlackTitle "IM"]
[WhiteElo "2624"]
[BlackElo "2474"]
[WhiteFideId "5074452"]
[BlackFideId "1036432"]
[EventDate "2024.10.26"]

1. e4 c5 2. Nf3 d6 3. d4 cxd4 4. Nxd4 Nf6 5. Nc3 a6 6. Nb3 Nbd7 7. g4 h6 8. h4
b5 9. Bg2 Ne5 10. g5 hxg5 11. hxg5 Rxh1+ 12. Bxh1 b4 13. Ne2 Nh5 14. Ned4 g6 15.
f4 Bg4 16. Qd2 Nc4 17. Qxb4 Rc8 18. Nd2 Nxd2 19. Bxd2 e5 20. Bf3 Qd7 21. fxe5
dxe5 22. Bxg4 Qxg4 23. Qa4+ Qd7 24. Qxd7+ Kxd7 25. Nf3 Rxc2 26. Bc3 Rg2 27.
O-O-O+ Ke6 28. Rd8 Bd6 29. Nxe5 Bxe5 30. Re8+ Kd7 31. Rxe5 Nf4 32. Ra5 Nd3+ 33.
Kb1 Nf2 34. e5 Ne4 35. Bd4 Nxg5 36. Rxa6 Ne6 37. a4 g5 38. Rd6+ Kc8 39. Bb6 Kb7
40. a5 Rg4 41. Bf2 Ra4 42. Rb6+ Ka8 43. b4 Nf4 44. Bc5 g4 45. Ra6+ Kb8 46. Rf6
Nd3 47. Bd6+ Kc8 48. Rxf7 g3 49. e6 g2 50. Rc7+ Kd8 51. e7+ 1-0

[Event "27th Hoogeveen Open 2024"]
[Site "Hoogeveen NED"]
[Date "2024.10.30"]
[Round "6.2"]
[White "Smeets, Kobe"]
[Black "Labruyere, Roger"]
[Result "1/2-1/2"]
[WhiteTitle "FM"]
[WhiteElo "2328"]
[BlackElo "2286"]
[WhiteFideId "1063910"]
[BlackFideId "1059505"]
[EventDate "2024.10.26"]

1. e4 c5 2. Nf3 d6 3. d4 cxd4 4. Nxd4 Nf6 5. Nc3 a6 6. h3 e6 7. g4 Nfd7 8. Be3
b5 9. a3 Bb7 10. g5 Nc6 11. h4 Rc8 12. h5 Nxd4 13. Qxd4 Ne5 14. O-O-O Nc6 15.
Qb6 Qxb6 16. Bxb6 Ne5 17. Rh3 Nc4 18. Bd4 e5 19. Ba7 Be7 20. Rg3 h6 21. gxh6
gxh6 22. Bxc4 Rxc4 23. b3 Rc8 24. Kb2 Kd7 25. Be3 Rxc3 26. Kxc3 Bxe4 27. Kb2 Ke6
28. f3 Bf5 29. c3 Bf6 30. Rdg1 Bh7 31. Rg4 d5 32. a4 Rc8 33. axb5 axb5 34. Rc1
e4 35. fxe4 Bxe4 36. Bxh6 Rh8 37. Bg5 Rxh5 38. Bxf6 Kxf6 39. Rf1+ Ke6 40. Ka3 f5
41. Rgf4 Ke5 42. Kb4 Rh3 43. R1f2 Rg3 44. Rh4 Rg4 45. Rh8 Bc2+ 46. c4 Bd3 47.
Re8+ Kf6 48. Kxb5 dxc4 49. Rd8 Ke7 50. Rd5 1/2-1/2

[Event "27th Hoogeveen Open 2024"]
[Site "Hoogeveen NED"]
[Date "2024.10.30"]
[Round "6.3"]
[White "Ganguly, Surya Shekhar"]
[Black "Sankalp, Gupta"]
[Result "0-1"]
[WhiteTitle "GM"]
[BlackTitle "GM"]
[WhiteElo "2598"]
[BlackElo "2534"]
[WhiteFideId "5002150"]
[BlackFideId "5097010"]
[EventDate "2024.10.26"]

1. d4 Nf6 2. c4 e6 3. Nc3 Bb4 4. e3 O-O 5. Bd3 d5 6. cxd5 exd5 7. a3 Bd6 8. Qc2
a6 9. Nge2 Re8 10. Bd2 Nbd7 11. O-O c5 12. Nf4 c4 13. Be2 Bxf4 14. exf4 Nb8 15.
b3 Nc6 16. Be3 b5 17. bxc4 bxc4 18. f5 g6 19. fxg6 hxg6 20. Qd2 Ne4 21. Nxe4
Rxe4 22. Bf3 Re8 23. Bg5 f6 24. Bh4 g5 25. Bg3 Bf5 26. Rfe1 Qd7 27. Bh5 Rxe1+
28. Rxe1 Bg4 29. Bg6 Bf5 30. Bxf5 Qxf5 31. h4 gxh4 32. Bxh4 Kf7 33. Re3 Rg8 34.
Bg3 Qg4 35. Qe1 Nxd4 36. Re7+ Kg6 37. f3 Qg5 38. Qb1+ Qf5 39. Qb6 Qd3 40. Bh4
Rf8 41. Re8 Rf7 42. Qb8 Nf5 43. Rg8+ Ng7 44. Bf2 Qd1+ 45. Kh2 Qd2 46. Rh8 Qxf2
47. Qf4 Ne6 48. Qg4+ Ng5 49. f4 Rh7+ 50. Rxh7 Kxh7 51. fxg5 Kg6 52. gxf6+ Kxf6
53. Qc8 Ke5 54. a4 Qh4+ 55. Kg1 Qe1+ 56. Kh2 Qh4+ 57. Kg1 Qh6 58. Qc5 Ke4 59.
Qc8 Qc1+ 60. Kh2 Qf4+ 61. Kg1 Qf6 62. Qg4+ Ke3 63. Qd1 Qd4 64. Qc2 Qd2 65. Qf5
Qe1+ 66. Kh2 Qh4+ 67. Kg1 Kd4 68. Qe6 c3 69. Qb6+ Kd3 70. Qxa6+ Kd2 71. Qa5 Qe1+
72. Kh2 Qh4+ 73. Kg1 d4 74. Qb4 Qe1+ 75. Kh2 Qh4+ 76. Kg1 Qe1+ 77. Kh2 Qe5+ 78.
g3 Ke2 79. a5 c2 80. Qc4+ Kd2 81. Qb4+ Kd1 82. Qa4 Qe2+ 83. Kh3 Qh5+ 84. Kg2
Qe2+ 85. Kh3 Ke1 86. Qc6 Kd2 0-1

[Event "27th Hoogeveen Open 2024"]
[Site "Hoogeveen NED"]
[Date "2024.10.30"]
[Round "6.4"]
[White "De Winter, Arthur"]
[Black "Brunello, Sabino"]
[Result "1-0"]
[WhiteTitle "IM"]
[BlackTitle "GM"]
[WhiteElo "2435"]
[BlackElo "2514"]
[WhiteFideId "1069020"]
[BlackFideId "813613"]
[EventDate "2024.10.26"]

1. e4 c5 2. Nf3 d6 3. d4 cxd4 4. Nxd4 Nf6 5. Nc3 a6 6. h4 e5 7. Nb3 Be7 8. Be2
Nbd7 9. g4 h6 10. Rg1 Nh7 11. Be3 Bxh4 12. Qxd6 Be7 13. Qd3 Ndf6 14. Nd5 Nxd5
15. exd5 O-O 16. O-O-O Bd6 17. Kb1 Ng5 18. Nd2 b5 19. Ne4 f6 20. Rh1 Rf7 21.
Nxd6 Qxd6 22. Qg6 1-0

[Event "27th Hoogeveen Open 2024"]
[Site "Hoogeveen NED"]
[Date "2024.10.30"]
[Round "6.5"]
[White "Kovchan, Alexander"]
[Black "Madularea, David"]
[Result "1-0"]
[WhiteTitle "GM"]
[WhiteElo "2444"]
[BlackElo "2151"]
[WhiteFideId "14103052"]
[BlackFideId "1070215"]
[EventDate "2024.10.26"]

1. e4 e6 2. d4 d5 3. Nd2 h6 4. Ngf3 Nf6 5. e5 Nfd7 6. c3 c5 7. Bd3 Nc6 8. O-O g5
9. dxc5 Ndxe5 10. Nxe5 Nxe5 11. Nb3 Nxd3 12. Qxd3 e5 13. Qg3 Bg7 14. f4 f5 15.
fxg5 f4 16. Bxf4 exf4 17. Rae1+ Kf7 18. Qxf4+ Kg6 19. Qf7+ Kh7 20. g6# 1-0

[Event "27th Hoogeveen Open 2024"]
[Site "Hoogeveen NED"]
[Date "2024.10.30"]
[Round "6.6"]
[White "Schuricht, Emil Frederick"]
[Black "Maris, Ivo"]
[Result "1/2-1/2"]
[BlackTitle "FM"]
[WhiteElo "2145"]
[BlackElo "2388"]
[WhiteFideId "16270185"]
[BlackFideId "1028146"]
[EventDate "2024.10.26"]

1. c4 b6 2. Nc3 Bb7 3. e4 e5 4. Nf3 Nc6 5. a3 g6 6. d4 exd4 7. Nxd4 Bg7 8. Be3
Nge7 9. Be2 O-O 10. O-O f5 11. exf5 Bxd4 12. Bxd4 Nxf5 13. Be3 Nxe3 14. fxe3 Ne5
15. Rxf8+ Qxf8 16. Qd4 Qe7 17. Rf1 c5 18. Nd5 Qd6 19. Qd2 Bxd5 20. Bf3 Kg7 21.
Bxd5 Rf8 22. Rxf8 Qxf8 23. Be4 d6 24. b3 Qf6 25. h3 Nf7 26. Bd5 Qa1+ 27. Kh2
Qe5+ 28. Kg1 Nh6 29. e4 g5 30. b4 g4 31. b5 Kg6 32. Qe1 Kg5 33. h4+ Kf6 34. Qf2+
Ke7 35. g3 Qa1+ 36. Kh2 Qxa3 37. Qd2 Nf7 38. Bxf7 Kxf7 39. Qf4+ Ke8 40. Qxd6
Qb2+ 41. Kh1 Qb1+ 42. Kh2 Qb2+ 43. Kh1 Qb1+ 44. Kh2 Qb2+ 1/2-1/2

[Event "27th Hoogeveen Open 2024"]
[Site "Hoogeveen NED"]
[Date "2024.10.30"]
[Round "6.7"]
[White "Govoreanu, Matei"]
[Black "Bosboom, Manuel"]
[Result "0-1"]
[BlackTitle "IM"]
[WhiteElo "2142"]
[BlackElo "2354"]
[WhiteFideId "258059"]
[BlackFideId "1000080"]
[EventDate "2024.10.26"]

1. e4 c5 2. Nf3 e6 3. d4 cxd4 4. Nxd4 a6 5. Bd3 Nf6 6. O-O Qc7 7. Qe2 d6 8. c4
g6 9. Nc3 Bg7 10. Be3 O-O 11. Rac1 Nbd7 12. Nb3 b6 13. f4 Bb7 14. g4 Rae8 15. g5
Nh5 16. Qf2 f5 17. gxf6 Bxf6 18. Rc2 Bxc3 19. Rxc3 e5 20. f5 gxf5 21. Qh4 fxe4
22. Qxh5 exd3 23. Bh6 Rxf1+ 24. Kxf1 Re6 25. Rxd3 Rg6 26. c5 Nf6 27. Qh4 bxc5
28. Rg3 Qf7 29. Ke1 Rxg3 30. hxg3 Qg6 31. Kd2 Kf7 32. Be3 Qxg3 0-1

[Event "27th Hoogeveen Open 2024"]
[Site "Hoogeveen NED"]
[Date "2024.10.30"]
[Round "6.8"]
[White "Slagboom, Leandro"]
[Black "Ten Dam, Bram"]
[Result "1-0"]
[WhiteTitle "FM"]
[WhiteElo "2345"]
[BlackElo "2006"]
[WhiteFideId "1065882"]
[BlackFideId "40104877"]
[EventDate "2024.10.26"]

1. e4 c5 2. Nf3 d6 3. Bb5+ Bd7 4. Bxd7+ Nxd7 5. O-O Ngf6 6. Qe2 g6 7. c3 Bg7 8.
d4 e5 9. dxe5 dxe5 10. Nbd2 O-O 11. a4 Qc7 12. Nc4 Rfe8 13. h3 b6 14. Bg5 h6 15.
Bh4 Nh5 16. Rad1 Re6 17. Ne3 Nf4 18. Qb5 Nf6 19. Bxf6 Bxf6 20. Rd7 Qc8 21. Rfd1
a6 22. Qb3 Be7 23. Kh2 Kf8 24. g3 Nh5 25. Ng4 c4 26. Qc2 Nf6 27. Nxf6 Bxf6 28.
Qd2 Kg7 29. Qd5 Qc6 30. Qxc6 Rxc6 31. Rb7 g5 32. Rdd7 Kg6 33. Rxf7 b5 34. axb5
axb5 35. Rfd7 Rc5 36. Rb6 h5 37. h4 g4 38. Ng5 1-0

[Event "27th Hoogeveen Open 2024"]
[Site "Hoogeveen NED"]
[Date "2024.10.30"]
[Round "6.9"]
[White "Maatman, Nick"]
[Black "Zecha, Oscar"]
[Result "1-0"]
[WhiteTitle "IM"]
[WhiteElo "2382"]
[BlackElo "2097"]
[WhiteFideId "1040391"]
[BlackFideId "1073826"]
[EventDate "2024.10.26"]

1. Nf3 Nf6 2. g3 b5 3. e3 a6 4. Bg2 Bb7 5. O-O e6 6. b3 Be7 7. c4 O-O 8. d4 d6
9. Qe2 Nbd7 10. Rd1 b4 11. Nbd2 Ne4 12. Nxe4 Bxe4 13. Bb2 Qc8 14. Bh3 Rd8 15.
Nd2 Bb7 16. e4 Bf6 17. Nf1 Qb8 18. f4 Qa7 19. Kh1 a5 20. Bg2 e5 21. fxe5 dxe5
22. d5 Nc5 23. Bc1 a4 24. Be3 Qa5 25. Rab1 axb3 26. axb3 Be7 27. Bf2 Qa2 28. Rb2
Qa3 29. Rdb1 Qa6 30. Ne3 Qf6 31. Ng4 Qd6 32. Bxc5 Qxc5 33. Nxe5 Bf6 34. Nd3 Qd4
35. Rd2 Ra1 36. Rxa1 Qxa1+ 37. Rd1 Qc3 38. Nc5 Bc8 39. Rd3 Qa1+ 40. Rd1 Qc3 41.
Qf3 Qb2 42. Rf1 Rf8 43. Qf4 Be5 44. Nd3 Bxf4 45. Nxb2 Bd2 46. Nd3 Bc3 47. Rf2
Bg4 48. Bf3 Bxf3+ 49. Rxf3 f6 50. Nc5 Ra8 51. Na4 Bd4 52. Rd3 Be5 53. Kg2 Kf7
54. Kf3 Ke7 55. Rd2 h5 56. Rc2 Rh8 57. c5 g5 58. d6+ Kd7 59. dxc7 Kxc7 60. Nb6
g4+ 61. Kg2 h4 62. Nd5+ Kc8 63. c6 hxg3 64. hxg3 Rh3 65. c7 Rxg3+ 66. Kf2 Rf3+
67. Ke2 Bxc7 68. Rxc7+ Kd8 69. Rb7 Rxb3 70. Rxb4 Rf3 71. Rb6 f5 72. e5 Ra3 73.
e6 Ra8 74. Rd6+ Ke8 75. Nc7+ Ke7 76. Rd7+ Kf6 77. Nxa8 Kxe6 78. Nb6 f4 79. Rd4
Ke5 80. Ra4 1-0

[Event "27th Hoogeveen Open 2024"]
[Site "Hoogeveen NED"]
[Date "2024.10.30"]
[Round "6.11"]
[White "Duijker, Rick"]
[Black "Emans, Job"]
[Result "1/2-1/2"]
[WhiteTitle "FM"]
[WhiteElo "2154"]
[BlackElo "2118"]
[WhiteFideId "1010565"]
[BlackFideId "1051393"]
[EventDate "2024.10.26"]

1. c4 e6 2. Nf3 Nf6 3. g3 d5 4. Bg2 Be7 5. O-O O-O 6. b3 c5 7. Bb2 Nc6 8. cxd5
Nxd5 9. Nc3 Bf6 10. Qc1 b6 11. Nxd5 exd5 12. d4 Nxd4 13. Nxd4 cxd4 14. Qd2 Ba6
15. Rfe1 Re8 16. Bxd4 Bxd4 17. Qxd4 Rxe2 18. Rxe2 Bxe2 19. Re1 Ba6 20. Bxd5 Bb7
21. Rd1 Bxd5 22. Qxd5 Qxd5 23. Rxd5 a5 24. Rd7 Rb8 25. Kf1 g6 26. g4 h6 27. h4
Kg7 28. g5 hxg5 29. hxg5 Re8 30. Rd6 Re5 31. Rxb6 Rxg5 32. a4 Rc5 33. Rb5 Rc3
34. Ke2 Kh6 35. f4 f5 36. Rxa5 1/2-1/2

[Event "27th Hoogeveen Open 2024"]
[Site "Hoogeveen NED"]
[Date "2024.10.30"]
[Round "6.12"]
[White "Mamatov, Melis"]
[Black "Vaupot, Luka"]
[Result "1-0"]
[WhiteTitle "FM"]
[BlackTitle "CM"]
[WhiteElo "2358"]
[BlackElo "2140"]
[WhiteFideId "13800027"]
[BlackFideId "14627671"]
[EventDate "2024.10.26"]

1. e4 e6 2. Bb5 a6 3. Ba4 b5 4. Bb3 Bb7 5. d3 c5 6. c3 Ne7 7. Qe2 d5 8. Bc2 Nd7
9. Nf3 dxe4 10. dxe4 Qc7 11. a4 b4 12. O-O Nc6 13. Nbd2 Be7 14. Re1 Rd8 15. e5
Nb6 16. Nc4 Nd5 17. Bd2 bxc3 18. bxc3 Na5 19. Nxa5 Qxa5 20. Be4 Qc7 21. a5 O-O
22. Bd3 Qc8 23. Rab1 f5 24. exf6 Bxf6 25. Be4 Nxc3 26. Bxc3 Bxe4 27. Qxe4 Bxc3
28. Rec1 Bf6 29. Rb6 c4 30. Rc6 Qd7 31. Qxc4 Qd5 32. h3 Qxa5 33. Qxe6+ Kh8 34.
Rxa6 Qd5 35. Qg4 Rde8 36. Ra4 Qb5 37. Rac4 Qd5 38. Rc5 Qe6 39. Qg3 Rd8 40. Rc6
Qd5 41. Qg4 Qd7 42. Re6 Qd5 43. Rce1 Rb8 44. h4 Qc5 45. h5 Rb4 46. Qh3 h6 47.
Re8 Rb8 48. Rxf8+ Rxf8 49. Qg4 Kg8 50. Qg6 Bd4 51. Re2 Qc1+ 52. Kh2 Qf4+ 53. Kh3
Bc5 54. Qe6+ Qf7 55. Qxf7+ Rxf7 56. Rc2 Bb6 57. Kg3 Bc7+ 58. Kg4 Rf4+ 59. Kh3
Bb6 60. Ra2 Kf7 61. Rb2 Rf6 62. Ne5+ Ke7 63. f4 Bd4 64. Rb7+ Ke6 65. Ng6 Rf5 66.
Kg4 Ra5 67. Rb4 Bc3 68. Rb6+ Kf7 69. Rb7+ Kf6 70. Nh4 Bd4 71. g3 Ra7 72. Rb4 Bc3
73. Rc4 Bb2 74. Nf5 Ba1 75. Rc6+ Kf7 76. Nd6+ Kf8 77. Kf5 Ra3 78. g4 Ra5+ 79.
Kg6 Ra4 80. Kf5 Ra5+ 81. Ke6 Ra8 82. Nc4 Kg8 83. Kf5 Kh7 84. Ne5 Rf8+ 85. Ke4
Re8 86. Rc7 Kg8 87. Rd7 Bb2 88. Kd5 Rf8 89. Ng6 Ra8 90. Rb7 Ra5+ 91. Ke6 Ra6+
92. Kd7 Kf7 93. Rxb2 1-0

[Event "27th Hoogeveen Open 2024"]
[Site "Hoogeveen NED"]
[Date "2024.10.30"]
[Round "6.13"]
[White "Van Dael, Siem"]
[Black "Kukushkin, Ivan"]
[Result "0-1"]
[WhiteTitle "FM"]
[WhiteElo "2279"]
[BlackElo "2084"]
[WhiteFideId "1049771"]
[BlackFideId "11634103"]
[EventDate "2024.10.26"]

1. h4 d5 2. b3 e5 3. Bb2 Bd6 4. e3 Nf6 5. h5 h6 6. Be2 c5 7. d3 Nc6 8. Nd2 Be6
9. e4 Qd7 10. Ngf3 Bg4 11. Nh4 Be6 12. Nhf3 Bg4 13. exd5 Nxd5 14. Nc4 Nf4 15. g3
Nxe2 16. Qxe2 O-O-O 17. Ne3 Nd4 18. Bxd4 exd4 19. Nxg4 Qxg4 20. Nd2 Rhe8 21. Ne4
Qxe2+ 22. Kxe2 f5 0-1

[Event "27th Hoogeveen Open 2024"]
[Site "Hoogeveen NED"]
[Date "2024.10.30"]
[Round "6.14"]
[White "Boeren, Jurriaan"]
[Black "Mostertman, Milan"]
[Result "1/2-1/2"]
[BlackTitle "FM"]
[WhiteElo "2159"]
[BlackElo "2201"]
[WhiteFideId "1067478"]
[BlackFideId "1025848"]
[EventDate "2024.10.26"]

1. e4 c5 2. Nf3 d6 3. d4 cxd4 4. Nxd4 Nf6 5. Nc3 Nc6 6. Bg5 e6 7. Qd2 a6 8.
O-O-O Be7 9. Bxf6 gxf6 10. f4 Bd7 11. Be2 Nxd4 12. Qxd4 Qa5 13. Rhe1 Qc5 14.
Qxc5 dxc5 15. Bh5 Rd8 16. Nd5 Kf8 17. Nxe7 Kxe7 18. e5 Bc6 19. g3 Rxd1+ 1/2-1/2

[Event "27th Hoogeveen Open 2024"]
[Site "Hoogeveen NED"]
[Date "2024.10.30"]
[Round "6.15"]
[White "Terlouw, Wouter"]
[Black "Bruggink, Tycho"]
[Result "1/2-1/2"]
[WhiteTitle "CM"]
[WhiteElo "2198"]
[BlackElo "1992"]
[WhiteFideId "1087401"]
[BlackFideId "1050028"]
[EventDate "2024.10.26"]

1. d4 Nf6 2. Nf3 g6 3. g3 Bg7 4. Bg2 O-O 5. O-O d6 6. b3 c5 7. Bb2 cxd4 8. Nxd4
d5 9. c4 dxc4 10. bxc4 Nc6 11. Nxc6 bxc6 12. Bxc6 Rb8 13. Be5 Bh3 14. Bxb8 Bxf1
15. Na3 Qxb8 16. Kxf1 Qb6 17. Bf3 Qc5 18. Nb5 a6 19. Qd4 Nd7 20. Qxc5 Nxc5 21.
Rb1 axb5 22. Rxb5 Rc8 23. Ra5 Nd7 24. a4 Ne5 25. Bb7 Nxc4 26. Ra7 Rc5 27. e4 Ra5
28. Rxa5 Nxa5 29. Ba6 Kf8 30. Ke2 Ke8 31. Bb5+ Kd8 32. h4 Kc7 33. Be8 f6 34. f4
Kd6 35. Kf3 e5 36. g4 Ke7 37. Bb5 h6 38. g5 hxg5 39. hxg5 fxg5 40. fxg5 Kf7 41.
Kg4 Bf8 42. Bd3 Be7 43. Bb1 Bd8 44. Ba2+ Ke7 45. Bd5 Bb6 46. Kf3 Kd6 47. Bf7 Nc6
48. Bxg6 Nd4+ 49. Kg4 Ne6 50. Bf7 Ng7 51. Bd5 Ba5 52. Bf7 Ke7 53. Bd5 Bc3 54.
Bc4 Kf8 55. Bd5 Bd2 56. Bb3 Ke7 57. Bd5 Bc3 58. Bb3 Kf8 59. Bd5 Ne8 60. Kf5 Kg7
61. a5 Nd6+ 62. Ke6 Nb5 63. Kf5 Nd6+ 1/2-1/2

[Event "27th Hoogeveen Open 2024"]
[Site "Hoogeveen NED"]
[Date "2024.10.30"]
[Round "6.16"]
[White "Kovalskyi, Roman"]
[Black "Bakija, Alan"]
[Result "1-0"]
[WhiteElo "2124"]
[BlackElo "2192"]
[WhiteFideId "14184214"]
[BlackFideId "1068016"]
[EventDate "2024.10.26"]

1. e4 d6 2. d4 Nf6 3. Nc3 e5 4. Nf3 Nbd7 5. Bc4 Be7 6. O-O O-O 7. Re1 c6 8. a4
h6 9. h3 Re8 10. Be3 exd4 11. Nxd4 Bf8 12. f3 d5 13. exd5 Nb6 14. Bb3 Nbxd5 15.
Nxd5 Nxd5 16. Bf2 Bd7 17. Bxd5 cxd5 18. Nb3 Rxe1+ 19. Qxe1 Qg5 20. Qd2 Qxd2 21.
Nxd2 Rc8 22. c3 Bc5 23. Nb3 Bxf2+ 24. Kxf2 Kf8 25. a5 a6 26. Ke3 Ke7 27. Nd4 Rc5
28. Kd2 Kd6 29. b4 Rc8 30. Re1 g6 31. f4 Rg8 32. Nf3 f6 33. h4 h5 34. g3 Rg7 35.
Re3 Rg8 36. Nd4 Rc8 37. Nb3 Rg8 38. Nc5 Bc8 39. Ke2 Rf8 40. Kd3 g5 41. fxg5 fxg5
42. hxg5 Rg8 43. Kd2 Rxg5 44. Re8 Kc7 45. Rh8 Rxg3 46. Rxh5 Kc6 47. Rh6+ Kc7 48.
Nd3 Rg5 49. Ke3 Bd7 50. Nc5 Rg3+ 51. Kd4 Bc6 52. Rh7+ Kb8 53. Nd3 Ka7 54. Ne5
Bb5 55. Rf7 Rh3 56. Rf3 Rxf3 57. Nxf3 Kb8 58. Kc5 Kc7 59. Nd4 Bf1 60. Ne6+ Kb8
61. Kxd5 Bg2+ 62. Kc5 Ka7 63. Ng5 Bh1 64. Nh3 Bg2 65. Nf4 Bf3 66. Ng6 Be4 67.
Ne7 Bf3 68. Kd6 Kb8 69. Kd7 Be4 70. c4 Bd3 71. c5 Bb5+ 72. Kd8 Ba4 73. Nd5 Bc6
74. Nb6 Bb5 75. Nd7+ Ka7 76. Kc7 Ka8 77. Ne5 Ka7 78. c6 bxc6 79. Nxc6+ Ka8 80.
Kb6 Be2 81. Nd4 Bd3 82. Ne6 Bb5 83. Nc7+ Kb8 84. Nxa6+ 1-0

[Event "27th Hoogeveen Open 2024"]
[Site "Hoogeveen NED"]
[Date "2024.10.30"]
[Round "6.17"]
[White "Duson, Robin"]
[Black "Hoffman, Ron"]
[Result "1-0"]
[WhiteElo "2177"]
[BlackElo "2024"]
[WhiteFideId "1055038"]
[BlackFideId "1007599"]
[EventDate "2024.10.26"]

1. d4 f5 2. Nf3 Nf6 3. g3 g6 4. Bg2 Bg7 5. O-O O-O 6. c4 d6 7. Nc3 e6 8. Qc2 Na6
9. a3 Qe7 10. e4 e5 11. dxe5 dxe5 12. b4 c6 13. Re1 f4 14. gxf4 exf4 15. Bxf4
Nh5 16. Bg3 Bg4 17. Re3 Bh6 18. Bh4 g5 19. Bg3 Nf4 20. Nd4 Qf7 21. c5 Rad8 22.
Nf5 Bg7 23. Nxg7 Kxg7 24. e5 Nxg2 25. Kxg2 Bf3+ 26. Kg1 Nc7 27. Ne4 Ne6 28. Nf6
Kh8 29. Rxf3 Nd4 30. Qe4 Nxf3+ 31. Qxf3 Rd4 32. Re1 Qe6 33. Qe3 Rfd8 34. Qxg5
Rd1 35. Qe3 Qh3 36. Qe2 R1d2 37. Qh5 Qxh5 38. Nxh5 Rd1 39. Rxd1 Rxd1+ 40. Kg2
Kg8 41. f4 Ra1 42. f5 Ra2+ 43. Kf3 Rxa3+ 44. Ke4 Ra4 45. e6 Rxb4+ 46. Ke5 a5 47.
f6 Rb3 48. Kd6 Kf8 49. Kd7 1-0

[Event "27th Hoogeveen Open 2024"]
[Site "Hoogeveen NED"]
[Date "2024.10.30"]
[Round "6.18"]
[White "Verheij, Dana"]
[Black "Aravindhan, Achyuth"]
[Result "0-1"]
[BlackTitle "CM"]
[WhiteElo "1972"]
[BlackElo "2173"]
[WhiteFideId "1063790"]
[BlackFideId "1084216"]
[EventDate "2024.10.26"]

1. e4 c5 2. Nc3 Nc6 3. f4 g6 4. Nf3 Bg7 5. a4 b6 6. Be2 e6 7. d3 Nge7 8. O-O d5
9. e5 O-O 10. Qe1 Bb7 11. Bd1 Qd7 12. g4 f6 13. Qg3 Qc7 14. Nb5 Qb8 15. Nd6 fxe5
16. fxe5 Nxe5 17. Bf4 Rxf4 18. Qxf4 Qxd6 19. Nxe5 Rf8 20. Nf7 Qxf4 21. Rxf4 Rxf7
22. Rxf7 Kxf7 23. a5 Bxb2 24. Ra2 Bd4+ 25. Kg2 c4 26. Bf3 cxd3 27. cxd3 bxa5 28.
Rxa5 Nc6 29. Rb5 Bb6 30. Rb1 Nd4 31. Bd1 Ba6 32. Rc1 Bxd3 33. Rc8 Be4+ 34. Kg3
Nb5 35. Kf4 Bc7+ 36. Kg5 Be5 37. Ba4 Nd4 38. h4 Nf3+ 39. Kh6 Bg7+ 0-1

[Event "27th Hoogeveen Open 2024"]
[Site "Hoogeveen NED"]
[Date "2024.10.30"]
[Round "6.19"]
[White "Grooten, Tommy"]
[Black "Van Helvoort, Rob"]
[Result "1/2-1/2"]
[WhiteElo "2067"]
[BlackElo "2164"]
[WhiteFideId "1068806"]
[BlackFideId "1005596"]
[EventDate "2024.10.26"]

1. d4 e6 2. c4 b6 3. Nc3 Bb7 4. Nf3 f5 5. g3 Nf6 6. Bg2 Ne4 7. Qc2 Nxc3 8. Qxc3
Be7 9. O-O O-O 10. Re1 a5 11. a3 Bb4 12. axb4 axb4 13. Bg5 bxc3 14. Bxd8 Rxa1
15. Rxa1 cxb2 16. Rb1 Rxd8 17. Rxb2 Be4 18. e3 Nc6 19. Ne5 Bxg2 20. Kxg2 Ne7 21.
Ra2 d6 22. Nd3 Kf7 23. Ra7 Rc8 24. c5 bxc5 25. dxc5 e5 26. h4 g6 27. Kf1 Ke6 28.
Kg2 h5 29. Kf1 Nc6 30. Rb7 Nd8 31. Ra7 Nc6 32. Rb7 Kd7 33. cxd6 Kxd6 34. Rb5 Rb8
35. Rxb8 Nxb8 36. f4 Nd7 37. fxe5+ Nxe5 38. Nf4 Kc5 39. Ke2 Kc4 40. e4 fxe4 41.
Ke3 Kc5 42. Kxe4 Kd6 43. Nh3 c6 44. Nf4 c5 45. Ke3 Ng4+ 46. Kd3 Ne5+ 47. Ke4 c4
48. Kd4 c3 49. Kxc3 Kc5 50. Nd3+ Nxd3 1/2-1/2

[Event "27th Hoogeveen Open 2024"]
[Site "Hoogeveen NED"]
[Date "2024.10.30"]
[Round "6.20"]
[White "Nissinen, Niilo Man"]
[Black "Arnold, Rhys"]
[Result "1/2-1/2"]
[WhiteTitle "CM"]
[WhiteElo "2204"]
[BlackElo "2312"]
[WhiteFideId "30950767"]
[BlackFideId "1068849"]
[EventDate "2024.10.26"]

1. e4 c5 2. Nf3 Nc6 3. d4 cxd4 4. Nxd4 Nf6 5. Nc3 d6 6. Bg5 e6 7. Qd2 a6 8.
O-O-O Be7 9. f4 Bd7 10. Nf3 b5 11. Bxf6 gxf6 12. Kb1 b4 13. Ne2 h5 14. f5 e5 15.
Qe3 a5 16. Nd2 Na7 17. Nc4 Nc8 18. h4 Qc7 19. Ng3 Rb8 20. Be2 Bb5 21. b3 Na7 22.
Qd2 Rg8 23. Nf1 Bc6 24. Nxd6+ Bxd6 25. Qxd6 Qxd6 26. Rxd6 Ke7 27. Rd2 Bxe4 28.
Ne3 Nb5 29. Bxb5 Rxb5 30. Rhd1 Bc6 31. Rg1 Rg3 32. Rd3 Kf8 33. Rd6 Rc5 34. Nc4
Kg7 35. Nxa5 Be4 36. Nc4 Bxf5 37. Rb6 Be6 38. Nd6 f5 39. Rxb4 Rd5 40. Nc4 f4 41.
Re1 f6 42. Rb7+ Kg6 43. Re2 Bg4 44. Rf2 Kf5 45. Rb6 e4 46. Rd6 Rc5 47. Rd4 f3
48. gxf3 Rxf3 49. Rxf3+ exf3 50. Ne3+ Ke5 51. Rd2 Kf4 52. Nd1 Re5 53. Kc1 Re1
54. Rd4+ Ke5 55. Rd2 Kf4 56. Rd4+ Kg3 57. Rd3 Kg2 58. Rd2+ Kg1 59. Kb2 Re2 60.
Rd4 f2 61. Nxf2 Rxf2 62. a4 Bf5 63. Rc4 Be6 64. Rc6 Bd5 65. Rc5 Be4 66. a5 f5
67. a6 Rd2 68. b4 Rd5 69. Rc4 Bg2 70. Kc3 Kh2 71. Rc8 f4 72. Rf8 Rd6 73. Rxf4
Rxa6 74. b5 Rh6 75. Kb4 Kg3 76. Rd4 Re6 77. c4 Re1 78. c5 Rb1+ 79. Ka5 Bf1 80.
Rb4 Rc1 81. c6 Bg2 82. Kb6 Rc3 83. Kc7 Bf3 84. Rd4 Rb3 85. b6 Rc3 86. Rd6 Kxh4
87. b7 Rb3 88. b8=Q Rxb8 89. Kxb8 Bxc6 90. Rxc6 Kg3 91. Rc3+ Kg2 92. Rc5 h4 93.
Rg5+ Kf3 94. Rh5 Kg3 1/2-1/2

[Event "27th Hoogeveen Open 2024"]
[Site "Hoogeveen NED"]
[Date "2024.10.30"]
[Round "6.21"]
[White "De Jong, Migchiel"]
[Black "Goudriaan, Rafael"]
[Result "1-0"]
[WhiteTitle "IM"]
[WhiteElo "2288"]
[BlackElo "2101"]
[WhiteFideId "1002848"]
[BlackFideId "1063162"]
[EventDate "2024.10.26"]

1. Nf3 e6 2. g3 b5 3. Bg2 Bb7 4. O-O Nf6 5. d3 Be7 6. e4 d6 7. Ng5 c5 8. f4 Nc6
9. Nd2 O-O 10. Nh3 Qb6 11. Nf2 Rfd8 12. g4 Ne8 13. c3 b4 14. Nf3 a5 15. Be3 a4
16. c4 Bf6 17. Rb1 a3 18. b3 g6 19. g5 Bg7 20. Ng4 d5 21. cxd5 exd5 22. e5 d4
23. Bf2 Ne7 24. Qd2 Qe6 25. h3 Bxf3 26. Bxf3 Rac8 27. Rbe1 Nf5 28. Nf6+ Bxf6 29.
exf6 Qa6 30. Bg4 Ned6 31. Re5 Re8 32. Rfe1 Qb5 33. Qe2 Kf8 34. h4 Rcd8 35. h5
Re6 36. Rxe6 fxe6 37. hxg6 hxg6 38. Qf3 Qe8 39. Kg2 Qf7 40. Rh1 Ke8 41. Qc6+ 1-0

[Event "27th Hoogeveen Open 2024"]
[Site "Hoogeveen NED"]
[Date "2024.10.30"]
[Round "6.22"]
[White "Ritzerveld, Noah"]
[Black "Leenes, Robert"]
[Result "0-1"]
[WhiteTitle "FM"]
[WhiteElo "2281"]
[BlackElo "2014"]
[WhiteFideId "1085760"]
[BlackFideId "40108848"]
[EventDate "2024.10.26"]

1. e4 d5 2. exd5 Nf6 3. Nf3 Bg4 4. d4 Qxd5 5. Nc3 Qh5 6. Be2 Nc6 7. Be3 O-O-O 8.
Qd2 e5 9. d5 Bb4 10. a3 Bxc3 11. Qxc3 Nxd5 12. Qc4 e4 13. Nd2 f5 14. Bxg4 Qxg4
15. g3 Ne5 16. Qe2 Nf3+ 17. Nxf3 exf3 18. h3 Qe4 19. Qd3 Nxe3 20. Qxe3 Qc4 21.
b3 Qa6 0-1